Urbi et orbi: La Guerra de Chile ante el Derecho de Gentes. Por Jus
Gespeichert in:
| 1. Verfasser: | |
|---|---|
| Format: | Buch |
| Sprache: | Spanisch |
| Veröffentlicht: |
Valparaíso
Julio Real y Prado
1880
|
| Ausgabe: | 1a. ed |
| Schlagworte: | |
| Tags: |
Tag hinzufügen
Keine Tags, Fügen Sie den ersten Tag hinzu!
|
MARC
| LEADER | 00000nam a2200000 a 4500 | ||
|---|---|---|---|
| 001 | UCJ5119 | ||
| 003 | CL-VaPUC | ||
| 008 | 070124e18800000CL |||||||||||||||||spa|d | ||
| 082 | 0 | 4 | |a 983 |b JUS |2 21 |
| 100 | 0 | |a JUS |e author |9 509933 | |
| 245 | 1 | 0 | |a Urbi et orbi: La Guerra de Chile ante el Derecho de Gentes. Por Jus |
| 250 | |a 1a. ed | ||
| 300 | |a 32 p | ||
| 942 | |c BK | ||
| 945 | |d 20070124 00:00:00 |a rinostro | ||
| 260 | |a Valparaíso |b Julio Real y Prado |c 1880 | ||
| 500 | |a Empastado junto a otras monografías relativas al tema en un volumen rotulado Nueve folletos relacionados con la Guerra del 79; ubición 983 REP | ||
| 650 | 0 | |a Guerra del Pacífico |9 314886 | |
| 650 | 0 | |a Derecho internacional |9 255637 | |
| 650 | 0 | |a Historia de Chile |9 265473 | |
| 651 | 0 | |a Bolivia |9 255454 | |
| 651 | 7 | |a CHILE |2 CL-VaPUC |9 509934 | |
| 651 | 0 | |a Perú |9 256567 | |
| 583 | |a last modification |c 20070124 00:00:00 |k Rodrigo Vera | ||
| 999 | |c 321232 |d 321230 | ||
| 952 | |0 0 |1 0 |4 0 |6 983_000000000000000_JUS_1880 |7 0 |8 X |9 399926 |a FDOBUD |b FDOBUD |d 2019-11-22 |i 1030329 |o 983 JUS 1880 |p 1030329 |r 2019-11-22 |w 2019-11-22 |y BK_X |k BUD | ||